| 000 | 01238pam a2200385 i 4500 | ||
|---|---|---|---|
| 999 |
_c170332 _d170332 |
||
| 001 | vtls000848968 | ||
| 003 | PNM | ||
| 005 | 20181127090226.0 | ||
| 008 | 180313t20182018my a b 000 0 eng | ||
| 015 | _aM18-08320 | ||
| 020 |
_a9789674154646 _qpaperback |
||
| 039 | 9 |
_a201808211140 _banis_o _c201808211139 _danis_o _c201808101603 _draihan _c201807161228 _dhema |
|
| 040 |
_aBNM _beng _cBNM _erda _dPPAK |
||
| 041 | 1 |
_aeng _amay |
|
| 049 | _amal | ||
| 082 | 0 | 4 |
_a398.209595 _223 |
| 090 | 0 | 0 |
_a398.209595 _bMAS _dK |
| 100 | 0 |
_aMaslina Md. Nor, _d1968- _eauthor, _eillustrator. |
|
| 245 | 1 | 0 |
_aTun Teja / _cWritten & illustrated by = Hasil tulisan & lukisan MASLINA MD NOR |
| 264 | 1 |
_aPetaling Jaya, Selangor : _bMPH Group Publishing Sdn Bhd, _c[2018] |
|
| 264 | 4 | _c©2018 | |
| 300 |
_a31 unnumbered pages : _bcolour illustrations ; _c22 cm |
||
| 336 |
_atext _2rdacontent |
||
| 337 |
_aunmediated _2rdamedia |
||
| 338 |
_avolume _2rdacarrier |
||
| 546 | _aText parallel in English and Malay | ||
| 650 | 1 | 0 |
_aFolklore _zMalaysia |
| 650 | 2 | 0 |
_aTales _zMalaysia |
| 650 | 2 | 0 | _aFolk literature, English |
| 650 | 2 | 0 | _aFolk literature, Malay |
| 942 |
_2ddc _cB |
||
| 949 | _62000609893 | ||
| 949 | _62000609891 | ||
| 949 | _62000609892 | ||